Global perspectives on recognising non-formal and informal learning : (Record no. 172230)
[ view plain ]
| 000 -LEADER | |
|---|---|
| fixed length control field | 00756nam a22002177a 4500 |
| 005 - DATE AND TIME OF LATEST TRANSACTION | |
| control field | 20200130101939.0 |
| 010 ## - LCCN (DPL NO) | |
| LC control number | B-731177 |
| 020 ## - INTERNATIONAL STANDARD BOOK NUMBER | |
| International Standard Book Number | 9783319152776 |
| Terms of availability | 4559.00 |
| 035 ## - SYSTEM CONTROL NUMBER | |
| System control number | B-733177 |
| 035 ## - SYSTEM CONTROL NUMBER | |
| System control number | B-731177 |
| 037 ## - SOURCE OF ACQUISITION | |
| Source of stock number/acquisition | DBAD/PUB |
| 082 ## - DEWEY DECIMAL CLASSIFICATION NUMBER | |
| Classification number | 370.11 |
| 100 ## - MAIN ENTRY--PERSONAL NAME | |
| Personal name | Madu Singh |
| 245 ## - TITLE STATEMENT | |
| Title | Global perspectives on recognising non-formal and informal learning : |
| Remainder of title | why recognition matters / |
| Statement of responsibility, etc | by Madhu Singh |
| 260 ## - PUBLICATION, DISTRIBUTION, ETC. (IMPRINT) | |
| Place of publication, distribution, etc | New York |
| Name of publisher, distributor, etc | Springer |
| Date of publication, distribution, etc | (2015 |
| 270 ## - ADDRESS | |
| Address | Springer |
| City | New York |
| 300 ## - PHYSICAL DESCRIPTION | |
| Extent | xix,220p. : |
| Dimensions | 22cm(Hb) |
| 490 ## - SERIES STATEMENT | |
| Series statement | Technical and vocationa leducation and training: issues, concerns and prospects |
| Volume number/sequential designation | 21 |
| 942 ## - ADDED ENTRY ELEMENTS (KOHA) | |
| Source of classification or shelving scheme | Dewey Decimal Classification |
| Item type | English Books |
| Call number suffix | MAD |
| Classification part | 370.11 |
| Withdrawn status | Lost status | Not for loan | Collection code | Home library | Current library | Date acquired | Source of acquisition | Cost, normal purchase price | Full call number | Barcode | Copy number | Cost, replacement price | Koha item type |
|---|---|---|---|---|---|---|---|---|---|---|---|---|---|
| Not For Loan | Non-fiction | Central Library | Central Library | 30/01/2020 | Gift/ Eng./13.11.2019 | 4559.00 | 370.11 MAD | B-731177 | 1 | 4559.00 | English Books |
